| 000 | 00319nam a2200097Ia 4500 | ||
|---|---|---|---|
| 008 | 220204s9999 xx 000 0 und d | ||
| 082 |
_a678.046.2:678.065 _bCAR |
||
| 245 | 0 | _aCarbon black selection for tire applications (Lecture to Akron Rubber Group - March 1984 | |
| 260 |
_aBoston _bCabot Corporation _c1984 |
||
| 942 | _cBK | ||
| 999 |
_c43562 _d43562 |
||